000
00300nam a22001337a 4500
003
SGT
082
_a
342
_b
ANA
100
_a
ANAND A S
245
_a
THE CONSTITUTION OF JAMMU & KASHMIR
250
_a
3RD
260
_a
NEW DELHI
_b
UNIVERSAL LAW PUBLISHING
_c
2000
300
_a
562
942
_2
ddc
_c
BK
999
_c
26704
_d
26704